Capital Cities closer to Reykjavik than London and Ottawa - Statistics

General Stats
  • This quiz has been taken 40 times
  • The average score is 8 of 10
Answer Stats
CAPITAL CITY % Correct
Pyongyang
97%
Seoul
97%
Tokyo
97%
Beijing
92%
Ulaanbaatar
92%
Taipei
84%
Manila
76%
Port Moresby
53%
Palikir
47%
Melekeok (Ngerulmud)
45%
No matching quizzes found
Score Distribution
Percent of People with Each Score
Percentile by Number Answered
Your Score History
You have not taken this quiz